1275 1695 1378 1424 1550 1972 1449 1767 1197 1560 1227 1886 1045 1252 1242 1525 1887 1960 1200 1901 1612 1410 1751 1800 1923 1770 1303 1777 1369 1904 1975 1128 1649 1124 1471 1600 1897 1143 1186 1596 1303 1257 1021 1955 1062 1001 1287 1898 1217 1787 1046 1772 1396 1591 1859 1690 1552 1768 1981 1965 1581 1080 1095 1805 2000 1001 1978 1989 1690 1956 1766 1710 1592 1891 1200 1617 1821 1649 1675 1229 1043 1720 1004 1394 1287 1242 1995 1370 1430 1160 1115 1411 1474 1852 1512 1823 1310 1577 1250 BCNSPRNW ULIB Ver.6.0+V

เปลี่ยนเป็นภาษาไทย

Change to English
 แสดงรายละเอียดบรรณานุกรม
  กลับหน้าหลัก

Brief Record : Get Marc (ISO 2709) : E-mail record : QR code < ปิดหน้าต่าง
LEADER : 00000nam 2200000uu 4500
001    13399122420
003     ULIB
008    020711s2009 th a 000 0 eng d
020    9740323045971
060  4 WY156^bS566M
100    Susan Newton
110    Mosby Elsevier
245    Mosby s Oncology Nursing Advisor A Comprehensive Guide to Clincal Practice./^cSusan Newton,Margaret Hickey,Joyce Marrs
260    St.Luis :^bMosby Elsevier,^c2009
300    537 pages
650    oncology
700    Margaret Hickey
700    Joyce Marrs
945    ^p0^l0^i029061
999    ^aกมลทิพย์ ธนสารสุธี
รายการนี้ยังไม่มีแท็ก
คุณยังไม่ได้ล็อกอิน คุณสามารถมีกิจกรรมร่วมกับเว็บไซต์ได้ แต่ต้องล็อกอินก่อน ::
  ล็อกอิน

รายการสื่อสารสนเทศ

ลำดับที่ ประเภท เลขเรียก/บาร์โค้ด สถานที่ สถานะ
1. วิทยาศาสตร์การแพทย์ และสุขภาพ
วิทยาศาสตร์การแพทย์ และสุขภาพ
WY156 S566M C.1 
  Barcode: 029061
ห้องสมุดวิทยาเขตสวรรค์ประชารักษ์
►หนังสือทั่วไป
บนชั้น

รายการใกล้เคียง
    หัวเรื่อง [oncology]

BibComment


ยังไม่เคยถูกคอมเมนท์

คอมเมนท์ทรัพยากรรายการนี้
  คอมเมนท์: Mosby s Oncology ..


 Copyright 2026. Bcnsprnw @Library